ՀՀ Գիտությունների ազգային ակադեմիայի հիմնարար գիտական գրադարան  =   Fundamental Scientific Library of NAS RA

Палинологические исследования в Прибалтике / (Record no. 48699)

MARC details
000 -LEADER
fixed length control field 01070nam a2200241 a 4500
001 - CONTROL NUMBER
control field 000144353
003 - CONTROL NUMBER IDENTIFIER
control field AM-YEHGA
005 - DATE AND TIME OF LATEST TRANSACTION
control field 20250617122952.0
008 - FIXED-LENGTH DATA ELEMENTS--GENERAL INFORMATION
fixed length control field 990915s1971 lv ||||gr|||||||||0|rus|d
040 ## - CATALOGING SOURCE
Original cataloging agency AM-YeHGA
041 0# - LANGUAGE CODE
Language code of text/sound track or separate title rus
090 ## - LOCALLY ASSIGNED LC-TYPE CALL NUMBER (OCLC); LOCAL CALL NUMBER (RLIN)
-- 49460
245 00 - TITLE STATEMENT
Title Палинологические исследования в Прибалтике /
Statement of responsibility, etc. М-во геологии СССР (ВНИИМОРГЕО), Ин-т геологии (Вильнюс) ; Ин-т геологии АН ЭССР ; Под ред. Т.Д. Бартош.
246 35 - VARYING FORM OF TITLE
Title proper/short title Palynological researches in the Baltic soviet republics
260 ## - PUBLICATION, DISTRIBUTION, ETC.
Place of publication, distribution, etc. Рига :
Name of publisher, distributor, etc. Зинатне,
Date of publication, distribution, etc. 1971.
300 ## - PHYSICAL DESCRIPTION
Extent 158 с.
500 ## - GENERAL NOTE
General note К 3-ей Международной палинологической конференции. Новосибирск, СССР, 1971
650 14 - SUBJECT ADDED ENTRY--TOPICAL TERM
Topical term or geographic name entry element Палинология
700 1# - ADDED ENTRY--PERSONAL NAME
Personal name Бартош, Т.Д.
Relator term ред.
Relationship edt
710 2# - ADDED ENTRY--CORPORATE NAME
Corporate name or jurisdiction name as entry element Институт геологии (Вильнюс).
710 2# - ADDED ENTRY--CORPORATE NAME
Corporate name or jurisdiction name as entry element Институт геологии АН ЭССР
942 ## - ADDED ENTRY ELEMENTS (KOHA)
Source of classification or shelving scheme Universal Decimal Classification
Koha item type Գրքեր / Books
Holdings
Withdrawn status Lost status Damaged status Not for loan Collection Home library Current library Date acquired Total checkouts Full call number Barcode Date last seen Price effective from Koha item type Public note
        General Fundamental Scientific Library Fundamental Scientific Library 21/12/2016   PIII/32935 FL0368624 21/12/2016 21/12/2016 Գրքեր / Books 30 Days Loan


ՀՀ ԳԱԱ հիմնարար գիտական գրադարան
ՀՀ,Երևան 0019
Մարշալ Բաղրամյան 24/6
հեռախոս:(374-10) 52-47-50
Հետադարձ կապ

All site content, except where otherwise noted, is licensed under a
Creative Commons License